[Event "Guwahati op 1st"]
[Site "Guwahati"]
[Date "2022.03.16"]
[Round "4"]
[White "Saptarshi, Roy Chowdhury"]
[Black "Elangbam, Shashikanta Singh"]
[Result "1-0"]
[WhiteElo "2402"]
[BlackElo "1739"]
[PlyCount "77"]
[EventDate "2022.03.14"]
[EventType "swiss"]
[EventRounds "10"]
[EventCountry "IND"]
[SourceTitle "CBM 207 Extra"]
[Source "ChessBase"]
[SourceDate "2022.05.31"]
[SourceVersion "1"]
[SourceVersionDate "2022.05.31"]
[SourceQuality "1"]

1. e4 d6 2. d4 c6 3. Nc3 Nd7 4. Be3 e5 5. Qd2 Ngf6 6. f3 Be7 7. 0-0-0 0-0 8. g4 a5 9. h4 b5 10. h5 Ne8 11. dxe5 Nxe5 12. g5 a4 13. g6 fxg6 14. hxg6 hxg6 15. Bxb5 Be6 16. f4 Ng4 17. Bxc6 Nxe3 18. Qxe3 Rc8 19. Bd5 Nc7 20. Qh3 Qd7 21. Qh7+ Kf7 22. Rh6 Bf6 23. Qxg6+ Ke7 24. Rh7 a3 25. e5 dxe5 26. fxe5 Bxe5 27. Bf3 axb2+ 28. Kb1 Bxc3 29. Rxd7+ Bxd7 30. Qg5+ Kd6 31. Rh5 Ne6 32. Qg3+ Ke7 33. Ne2 Bf6 34. Rd5 Rc6 35. Qe1 Rfc8 36. Nf4 Be8 37. Rd2 Kf7 38. Bd5 Bd7 39. Bxc6 1-0